banner koha

Percentual de infeccao por Dirofilaria immitis (Leidy, 1856)em Aedes aegypti (Linnaeus)atraves da utilizacao de membrana artificial (Registro n. 160535)

MARC details
000 -LÍDER
campo de controle de tamanho fixo 00942nas a2200301 4500
001 - NÚMERO DE CONTROLE
campo de controle BR9900611
003 - IDENTIFICADOR DO NÚMERO DE CONTROLE
campo de controle BR-BrBNA
005 - DATA E HORÁRIO DA ÚLTIMA TRANSAÇÃO
campo de controle 20231205101226.0
007 - CAMPO FIXO DE DESCRIÇÃO FÍSICA--INFORMAÇÃO GERAL
campo de controle de tamanho fixo ta
008 - CAMPO DE DADOS FIXOS--INFORMAÇÃO GERAL
campo de controle de tamanho fixo 230509b bl.|||p| |||| 00| 00por d
040 ## - FONTE DA CATALOGAÇÃO
Instituição da catalogação original BR-BrBNA
Idioma da catalogação por
Instituição que transcreveu o registro Biblioteca Nacional de Agricultura
041 ## - CÓDIGO DE IDIOMA
Código do idioma do texto/trilha sonora ou título diferente (Pt)
072 ## - CÓDIGO DE CATEGORIA DE ASSUNTO
Código de Categoria de Assunto L73
100 1# - ENTRADA PRINCIPAL--NOME PESSOAL
Nome pessoal Mendonca, I.L. de
100 1# - ENTRADA PRINCIPAL--NOME PESSOAL
Nome pessoal Alves, L.C.
100 1# - ENTRADA PRINCIPAL--NOME PESSOAL
Nome pessoal Mccall, J.W.
100 1# - ENTRADA PRINCIPAL--NOME PESSOAL
Nome pessoal Faustino, M.A. da G.
100 1# - ENTRADA PRINCIPAL--NOME PESSOAL
Nome pessoal Supakonderj, P.
245 1# - TÍTULO
Título Percentual de infeccao por Dirofilaria immitis (Leidy, 1856)em Aedes aegypti (Linnaeus)atraves da utilizacao de membrana artificial
650 ## - ASSUNTO--TERMO TÓPICO
Cabeçalho tópico ou nome geográfico Mosquito
650 ## - ASSUNTO--TERMO TÓPICO
Cabeçalho tópico ou nome geográfico Cao
650 ## - ASSUNTO--TERMO TÓPICO
Cabeçalho tópico ou nome geográfico Dirofilariose
650 ## - ASSUNTO--TERMO TÓPICO
Cabeçalho tópico ou nome geográfico Infeccao
650 ## - ASSUNTO--TERMO TÓPICO
Cabeçalho tópico ou nome geográfico Transmissao de Doenca
773 0# - ENTRADA ANALÍTICA
Título Ciencia Veterinaria nos Tropicos (Brazil)
ISSN - International Standard Serial Number ISSN 1415-6326
Partes relacionadas (May-Aug 1998), v. 1(1) p. 30-32
Número de controle do registro BR9900611
909 ## -
-- 202311
-- Lúcia
-- 55
-- Lúcia Elande
942 ## - ELEMENTOS DE ENTRADA ADICIONADOS (KOHA)
Fonte da classificação ou esquema de arquivamento na estante Classificação AGRIS
Ocultar no OPAC Não
Tipo de material Koha Analítica
Exemplares
Situação do descarte Fonte da classificação ou esquema de arquivamento na estante Situação física Não pode ser emprestado Biblioteca de origem Biblioteca atual Localização na estante Enumeração do periódico / cronologia Total de empréstimos Data de último acesso Número do exemplar Tipo de material Koha Fonte de aquisição
  Classificação AGRIS   Consulta local Biblioteca Nacional de Agricultura - Binagri Biblioteca Nacional de Agricultura - Binagri   (May-Aug 1998), v. 1(1) p. 30-32   29/11/2023 01 Periódicos Portaria Interministerial nº 164/94

BINAGRI

Telefone: (61)3218-2567/2388/3357/2097 - binagri@agro.gov.br

Ministério da Agricultura e Pecuária , Esplanada dos Ministérios, Bloco D, Anexo B, Brasília/DF, CEP: 70.043-900